000 00293nam a22001097a 4500
008 230703b xxu||||| |||| 00| 0 eng d
082 _a350
245 _aReport of the Committee of Review into the Kenya Institute of Administration
_b1978-79
260 _c1979
300 _a80p
942 _2ddc
_cBK
999 _c3251
_d3251